Poesías y cantares / (Record no. 161295)

MARC details
000 -LEADER
campo de control de longitud fija 01481nam a2200301 i 4500
001 - NÚMERO DE CONTROL
campo de control 161295
003 - IDENTIFICADOR DE NÚMERO DE CONTROL
campo de control ES-MaACL
005 - FECHA Y HORA DE LA ÚLTIMA TRANSACCIÓN
campo de control 20250921063036.0
008 - DATOS DE LONGITUD FIJA--INFORMACIÓN GENERAL
campo de control de longitud fija 041015q1892 sp |||| | spa d
080 ## - NÚMERO DE LA CLASIFICACIÓN DECIMAL UNIVERSAL
Número de la Clasificación Decimal Universal 821.134.2-14"18"
100 1# - ENTRADA PRINCIPAL--NOMBRE DE PERSONA
Nombre de persona Palau y Catalá, Melchor de,
Fechas asociadas al nombre 1843-1910
9 (RLIN) 130794
245 10 - MENCIÓN DEL TÍTULO
Título Poesías y cantares /
Mención de responsabilidad, etc. Melchor de Palau ; [con un prólogo de D. Manuel Cañete y juicios críticos de D. José Selgas y de D. B. Pérez Galdós].
260 ## - PUBLICACIÓN, DISTRIBUCIÓN, ETC.
Lugar de publicación, distribución, etc. Barcelona :
Nombre del editor, distribuidor, etc. [s.n.],
Fecha de publicación, distribución, etc. [1892] (
Fabricante Imp. de J. Pons)
300 ## - DESCRIPCIÓN FÍSICA
Extensión XIII, 190 p. ;
Dimensiones 15 cm.
490 1# - MENCIÓN DE SERIE
Mención de serie Biblioteca del siglo XIX. Tesoro de autores ilustres de todas las épocas y naciones ;
Designación de volumen o secuencia 32
505 8# - NOTA DE CONTENIDO CON FORMATO
Nota de contenido con formato Contiene: Biografía de D. Melchor de Palau / por don Federico Rahola
530 ## - NOTA DISPONIBLE DE FORMULARIO FÍSICO ADICIONAL
Nota de formato físico adicional disponible Disponible en formato digital.
600 17 - PUNTO DE ACCESO ADICIONAL DE MATERIA--NOMBRE DE PERSONA
Nombre de persona Palau y Catalá, Melchor de,
Fechas asociadas al nombre 1843-1910
Fuente del encabezamiento o término
9 (RLIN) 130794
700 1# - ENTRADA AGREGADA--NOMBRE PERSONAL
Nombre de persona Cañete, Manuel,
Fechas asociadas al nombre 1822-1891
9 (RLIN) 34750
700 1# - ENTRADA AGREGADA--NOMBRE PERSONAL
Nombre de persona Selgas y Carrasco, José.
9 (RLIN) 132639
700 1# - ENTRADA AGREGADA--NOMBRE PERSONAL
Nombre de persona Pérez Galdós, Benito,
Fechas asociadas al nombre 1843-1920
9 (RLIN) 90871
700 1# - ENTRADA AGREGADA--NOMBRE PERSONAL
Nombre de persona Rahola y Trémols, Federico,
Fechas asociadas al nombre 1858-1919
9 (RLIN) 95016
830 10 - PUNTO DE ACCESO ADICIONAL DE SERIE-TÍTULO UNIFORME
Título uniforme Biblioteca del siglo XIX: tesoro de autores ilustres de todas las épocas y naciones
Designación de volumen o secuencia 32
9 (RLIN) 222101
852 4# - LOCALIZACIÓN
Ubicación ES-MaACL
Número de control de estantería T-1148-F-2
Nota libre - Enc. hol. conservando la cub. original
-- - Enc. en un vol. facticio
-- - Donativo del autor
856 4# - LOCALIZACIÓN Y ACCESO ELECTRÓNICOS
Identificador Uniforme de Recursos <a href="http://bdh-rd.bne.es/viewer.vm?id=0000095390&page=1 ">http://bdh-rd.bne.es/viewer.vm?id=0000095390&page=1 </a>
Nota pública Biblioteca Digital Hispánica
942 ## - ELEMENTOS DE ENTRADA SECUNDARIOS (KOHA)
Fuente del sistema de clasificación o colocación Clasificación decimal universal
Holdings
Estatus retirado Estado de pérdida Fuente del sistema de clasificación o colocación Estado de daño No para préstamo Colección Biblioteca de origen Biblioteca actual Ubicación en estantería Fecha de adquisición Total de préstamos Signatura topográfica completa Código de barras Visto por última vez Precio de reemplazo Tipo de ítem Koha
    Clasificación decimal universal     Colección de folletos Biblioteca del Ateneo de Madrid Biblioteca del Ateneo de Madrid Depósito folletos 17/01/2008   T-1148-F-2 1168945 23/02/2023 23/02/2023 Folleto